[Event "British Chess Championships 2023: Weekend Tournament Atkins"]
[Site "The Venue, De Montfort University, 20 Western Boulevard, Leicester, LE2 7BU"]
[Date "2023.07.23"]
[Round "4"]
[Board "24"]
[White "Sachdeva, Ronit"]
[Black "Walker, David N"]
[Result "1-0"]
[WhiteElo "2026"]
[BlackElo "1871"]
[PlyCount "0"]
[EventDate "2023.07.21"]
[EventRounds "5"]
[EventCountry "ENG"]

1. d4 e6 2. Nf3 d5 3. e3 Nf6 4. Bd3 c5 5. b3 Nc6 6. Bb2 Qc7 7. a3 b6 8. Nbd2 cxd4
9. exd4 Bd6 10. O-O O-O 11. Qe2 Bb7 12. Ne5 Ne7 13. f4 Rac8 14. Rac1 g6 15. g3 Ne8
16. h4 Ng7 17. Kg2 Qd8 18. Rh1 Bxe5 19. fxe5 f6 20. h5 f5 21. hxg6 hxg6 22. Rcf1
Nh5 23. Rxh5 gxh5 24. Qxh5 Qe8 25. Qg5+ Ng6 26. g4 Rc7 27. gxf5 exf5 28. Kf2 Rg7
29. Rg1 Qf7 30. Nf3 Ne7 31. Qxg7+ Qxg7 32. Rxg7+ Kxg7 33. a4 Rh8 34. Ba3 Kf7 35.
Bxe7 Kxe7 36. Bxf5 Rh5 37. Bd3 Ke6 38. Kg3 Ke7 39. Nh4 Rg5+ 40. Kf4 Rg8 41. Nf5+
Kd8 42. e6 Bc6 43. Ke5 Kc7 44. Ne7 Re8 45. Nxc6  1-0

[Event "British Chess Championships 2023: Weekend Tournament Atkins"]
[Site "The Venue, De Montfort University, 20 Western Boulevard, Leicester, LE2 7BU"]
[Date "2023.07.23"]
[Round "4"]
[Board "25"]
[White "Rich, Ben S"]
[Black "Gay, Conor DI"]
[Result "1-0"]
[WhiteElo "1951"]
[BlackElo "2021"]
[PlyCount "0"]
[EventDate "2023.07.21"]
[EventRounds "5"]
[EventCountry "ENG"]

1. a3 g6 2. c4 Bg7 3. Nf3 c5 4. Nc3 Nc6 5. d3 Nf6 6. Qc2 O-O 7. e3 b6 8. Be2 Bb7
9. O-O d5 10. cxd5 Nxd5 11. Bd2 e5 12. Rfd1 Rc8 13. Rac1 Nc7 14. Ne4 Qe7 15. Qb3
Ne6 16. Bc3 h6 17. Ned2 Ned4 18. Bxd4 exd4 19. e4 Kh7 20. Re1 h5 21. Bf1 Bh6 22.
Rc2 Rc7 23. Nc4 Bc8 24. Qa2 g5 25. g3 g4 26. Nh4 f5 27. f4 gxf3 28. Nxf3 fxe4 29.
Rxe4 Qf7 30. Bg2 b5 31. Rf2 Kg8 32. Ree2 Be3 33. Ng5 Qxf2+ 34. Rxf2 Bxf2+ 35. Kh1
bxc4 36. Qxc4+ Kh8 37. Qxc5 Re8 38. Ne4 Ree7 39. Qxh5+ Kg7 40. Qg5+ Kf8 41. Qh6+
Ke8 42. Nf6+ Kf7 43. Bd5+ Be6 44. Bxe6+ Rxe6 45. Qh7+ Kxf6 46. Qxc7 Be3 47. b4 a6
48. Qc8 Ne5 49. Qf8+ Kg6 50. Qg8+ Kf6 51. g4 Nxd3 52. Qf8+ Kg5 53. Qf5+  1-0

[Event "British Chess Championships 2023: Weekend Tournament Atkins"]
[Site "The Venue, De Montfort University, 20 Western Boulevard, Leicester, LE2 7BU"]
[Date "2023.07.23"]
[Round "4"]
[Board "26"]
[White "Moss, Thomas D"]
[Black "Gay, Simon P"]
[Result "1/2-1/2"]
[WhiteElo "1755"]
[BlackElo "2002"]
[PlyCount "0"]
[EventDate "2023.07.21"]
[EventRounds "5"]
[EventCountry "ENG"]

1. d4 Nf6 2. e3 c5 3. c3 e6 4. Bd3 d5 5. f4 cxd4 6. exd4 Nc6 7. Nf3 Be7 8. O-O O-O
9. Ne5 g6 10. Nd2 Ne8 11. Qc2 Kg7 12. Ndf3 f6 13. Nxc6 bxc6 14. Be3 Qb6 15. Qd2 f5
16. Qe2 a5 17. a4 Ba6 18. Bxa6 Qxa6 19. Qxa6 Rxa6 20. Rfb1 Nd6 21. Ne5 Ne4 22. Nd7
Rd8 23. Nc5 Bxc5 24. dxc5 Rb8 25. Bd4+ Kf7 26. b4 Nd2 27. b5 Nxb1 28. Rxb1 Raa8 29.
Kf2 Rb7 30. Be5 h6 31. h4 h5 32. Ke3 Rc8 33. Kd4 Ke8  1/2-1/2

[Event "British Chess Championships 2023: Weekend Tournament Atkins"]
[Site "The Venue, De Montfort University, 20 Western Boulevard, Leicester, LE2 7BU"]
[Date "2023.07.23"]
[Round "4"]
[Board "27"]
[White "Rich, Aaron"]
[Black "Patel, Hardikkumar"]
[Result "1-0"]
[WhiteElo "1965"]
[BlackElo "739"]
[PlyCount "0"]
[EventDate "2023.07.21"]
[EventRounds "5"]
[EventCountry "ENG"]

1. b3 Nf6 2. Bb2 g6 3. e3 Bg7 4. f4 d5 5. Nf3 O-O 6. Bd3 c5 7. O-O Nc6 8. a3 a6 9.
Qe1 b5 10. Qh4 c4 11. Be2 Nh5 12. Bxg7 Kxg7 13. Ne5 e6 14. Qh3 Qf6 15. Bxh5 gxh5
16. Qxh5 Nxe5 17. fxe5 Qg6 18. Qxg6+ fxg6 19. Nc3 Rf5 20. Rxf5 gxf5 21. Ne2 Bd7 22.
bxc4 dxc4 23. Rb1 Rc8 24. a4 Rc5 25. axb5 axb5 26. Ra1 Rxe5 27. Ra7 Rd5 28. Nc3 Rxd2
29. Nxb5 Kf6 30. Nd4 Be8 31. Ra6 Bf7 32. Rc6 f4 33. Rxc4 fxe3 34. h3 Rd1+ 35. Kh2
Ke5 36. Nf3+ Kd5 37. Rc7 Be8 38. Re7 e2 39. Rxe8 Rf1 40. c4+ Kd6 41. Rd8+ Kc5 42.
Rd2 e1=Q 43. Nxe1 Rxe1 44. g4 Kxc4 45. Rd7 h6 46. Rh7 Re2+ 47. Kg3 Re3+ 48. Kh4 e5
49. Rxh6 Kd5 50. g5 e4 51. Rf6 Ra3 52. g6 Ra8 53. Kg5 e3 54. Rf1 Ke4 55. g7 e2 56.
Rb1 Kf3 57. Kg6 Rd8 58. Re1 Kf2 59. Rxe2+ Kxe2 60. h4 Kf3 61. h5 Kg4 62. h6 Rd6+
63. Kf7 Rxh6 64. g8=Q+ Kf5 65. Qc8+ Ke5 66. Qc5+ Ke4 67. Qc2+ Ke5 68. Qe2+ Kd5 69.
Qd2+ Kd4  1-0

[Event "British Chess Championships 2023: Weekend Tournament Atkins"]
[Site "The Venue, De Montfort University, 20 Western Boulevard, Leicester, LE2 7BU"]
[Date "2023.07.23"]
[Round "4"]
[Board "28"]
[White "Mcgrath Williams, Joseph"]
[Black "Patel, Rishi"]
[Result "1-0"]
[WhiteElo "1615"]
[BlackElo "2060"]
[PlyCount "0"]
[EventDate "2023.07.21"]
[EventRounds "5"]
[EventCountry "ENG"]

1. c4 e5 2. g3 f5 3. Bg2 Nc6 4. Nc3 Bb4 5. Nd5 Bc5 6. e3 Nf6 7. Ne2 a5 8. d4 Ba7
9. O-O O-O 10. b3 d6 11. Bb2 Kh8 12. Nxf6 Qxf6 13. dxe5 dxe5 14. Nf4 Rd8 15. Qh5
Ne7 16. Rad1 Bd7 17. Bxb7 Rab8 18. Bg2 Be8 19. Qe2 Bc5 20. Nd3 Qb6 21. Nxe5 a4 22.
Rxd8 Rxd8 23. Rd1 Rb8 24. Qd3 h6 25. Qc3 Qf6 26. h4 Bb4 27. Qd4 axb3 28. axb3 Bh5
29. Nd7 Qxd4 30. Rxd4 Rd8 31. c5 Ba5 32. c6 Nc8 33. b4 Bb6 34. Nxb6 Rxd4 35. Bxd4
cxb6 36. c7 Be8 37. Bd5 Bd7 38. Kg2 b5 39. Bc5 g6 40. Kf3 Kg7 41. Kf4 Kf6 42. Bd4+
Ke7 43. Ke5 g5 44. Bc5+ Ke8 45. Kf6 gxh4 46. Bf7#  1-0

[Event "British Chess Championships 2023: Weekend Tournament Atkins"]
[Site "The Venue, De Montfort University, 20 Western Boulevard, Leicester, LE2 7BU"]
[Date "2023.07.23"]
[Round "4"]
[Board "29"]
[White "De Coverly, Roger D"]
[Black "Cockell, Owen"]
[Result "1-0"]
[WhiteElo "2016"]
[BlackElo "1577"]
[PlyCount "0"]
[EventDate "2023.07.21"]
[EventRounds "5"]
[EventCountry "ENG"]

1. Nf3 d5 2. g3 Nf6 3. Bg2 Bf5 4. O-O Nbd7 5. c4 c6 6. b3 Qb6 7. d3 e5 8. Bb2 e4
9. Nd4 Be6 10. dxe4 dxc4 11. Nxe6 fxe6 12. Nd2 cxb3 13. Nc4 Qb4 14. axb3 Nc5 15.
Nd6+ Bxd6 16. Qxd6 Rd8 17. Qe5 Qxb3 18. Qxc5 Qxb2 19. Rxa7 Kf7 20. Qe3 Rd2 21. Rxb7+
Qxb7 22. Qxd2 Rc8 23. Qf4 Kg8 24. Qd6 Qd7 25. e5 Qxd6 26. exd6 Kf7 27. f4 Ke8 28.
e4 c5 29. e5 Ng4 30. Rd1 Kd8 31. Rc1 c4 32. Bh3 h5 33. Bxg4 hxg4 34. Kf2  1-0

[Event "British Chess Championships 2023: Weekend Tournament Atkins"]
[Site "The Venue, De Montfort University, 20 Western Boulevard, Leicester, LE2 7BU"]
[Date "2023.07.23"]
[Round "4"]
[Board "30"]
[White "Mandnikar, Atreya"]
[Black "Lekoudis, George"]
[Result "1-0"]
[WhiteElo "1702"]
[BlackElo "1768"]
[PlyCount "0"]
[EventDate "2023.07.21"]
[EventRounds "5"]
[EventCountry "ENG"]

1. e4 c5 2. c3 d5 3. exd5 Qxd5 4. d4 e5 5. Be3 cxd4 6. cxd4 Bb4+ 7. Nc3 Nc6 8. Nf3
Bg4 9. Be2 Bxf3 10. Bxf3 e4 11. Be2 Nf6 12. O-O Bxc3 13. bxc3 O-O 14. c4 Qf5 15.
Rb1 b6 16. h3 Rfd8 17. d5 h6 18. Bd4 Nxd4 19. Qxd4 Rac8 20. Rfe1 Rc5 21. Bg4 Nxg4
22. hxg4 Qxg4 23. Rxe4 Qf5 24. Rbe1 Rdc8 25. Re8+ Kh7 26. Rxc8 Qxc8 27. Qd3+ f5 28.
d6  1-0

[Event "British Chess Championships 2023: Weekend Tournament Atkins"]
[Site "The Venue, De Montfort University, 20 Western Boulevard, Leicester, LE2 7BU"]
[Date "2023.07.23"]
[Round "4"]
[Board "31"]
[White "Cockell, Tom"]
[Black "Simms, Jake"]
[Result "0-1"]
[WhiteElo "1557"]
[BlackElo "1810"]
[PlyCount "0"]
[EventDate "2023.07.21"]
[EventRounds "5"]
[EventCountry "ENG"]

1. e4 g6 2. d4 Bg7 3. Nf3 d6 4. Bc4 Nf6 5. Qe2 O-O 6. e5 Nfd7 7. e6 Nb6 8. Ng5 f6
9. Nf7 Qe8 10. d5 c6 11. Nh6+ Kh8 12. h4 cxd5 13. Bd3 Nc6 14. Nf7+ Rxf7 15. exf7
Qxf7 16. h5 g5 17. f4 Qe6 18. Qxe6 Bxe6 19. h6 Bf8 20. fxg5 Nb4 21. gxf6 Rc8 22.
Na3 exf6 23. b3 Nxd3+ 24. cxd3 Nd7 25. d4 a6 26. Bf4 Bf5 27. Kd2 Ne5 28. Rac1 Rxc1
29. Rxc1 Nd3 30. Rf1 Nxf4 31. Rxf4 Bxh6 32. g3 Bxf4+ 33. gxf4 h5 34. Ke2 h4  0-1

[Event "British Chess Championships 2023: Weekend Tournament Atkins"]
[Site "The Venue, De Montfort University, 20 Western Boulevard, Leicester, LE2 7BU"]
[Date "2023.07.24"]
[Round "5"]
[Board "1"]
[White "Shafi, Declan"]
[Black "Kolani, Arjun"]
[Result "1-0"]
[WhiteElo "2275"]
[BlackElo "2171"]
[PlyCount "0"]
[EventDate "2023.07.21"]
[EventRounds "5"]
[EventCountry "ENG"]

1. d4 Nf6 2. Nf3 g6 3. g3 d5 4. Bg2 Bg7 5. O-O O-O 6. c4 c6 7. b3 dxc4 8. bxc4 c5
9. Bb2 Qb6 10. Qb3 Nc6 11. Nbd2 Nd7 12. e3 cxd4 13. Qxb6 Nxb6 14. Nxd4 Nxd4 15. Bxd4
Rd8 16. Bxg7 Kxg7 17. Nb3 Nxc4 18. Rfc1 Nd6 19. Rc7 Kf8 20. Na5 Rb8 21. Rb1 Bf5 22.
Re1 Rd7 23. Rc3 b6 24. Nc6 Rc8 25. Ra3 a5 26. Rb3 b5 27. Nd4 Be6 28. Nxe6+ fxe6 29.
Bh3 Rc2 30. Bxe6 Rdc7 31. e4 Rc1 32. Rxc1 Rxc1+ 33. Kg2 Rc5 34. Kf3 Re5 35. Bd5 g5
36. Ke3 g4 37. Kf4 Rh5 38. Kxg4 Rxh2 39. Rf3+ Kg7 40. e5 Nc4 41. Rf7+ Kh8 42. Rxe7
Rxf2 43. Kg5 Rf8 44. Kh6  1-0

[Event "British Chess Championships 2023: Weekend Tournament Atkins"]
[Site "The Venue, De Montfort University, 20 Western Boulevard, Leicester, LE2 7BU"]
[Date "2023.07.24"]
[Round "5"]
[Board "3"]
[White "Gerlagh, Joris"]
[Black "Madhavan, Sanjith"]
[Result "1-0"]
[WhiteElo "2437"]
[BlackElo "1987"]
[PlyCount "0"]
[EventDate "2023.07.21"]
[EventRounds "5"]
[EventCountry "ENG"]

1. d4 d5 2. c4 c6 3. Nf3 Nf6 4. g3 g6 5. Bg2 Bg7 6. O-O O-O 7. cxd5 cxd5 8. Nc3 e6
9. Bf4 Nc6 10. Ne5 Nh5 11. Nxc6 bxc6 12. Be3 c5 13. dxc5 Rb8 14. Qc2 f5 15. c6 Qc7
16. Rad1 Kh8 17. Qd2 Qxc6 18. Bxa7 Rb4 19. a3 Rb3 20. Bd4 Ba6 21. Nxd5 exd5 22. Bxd5
Qb5 23. Bxg7+ Nxg7 24. Bxb3 Qxb3 25. Qd6 Ra8 26. Rd2 Qe6 27. Qxe6 Nxe6 28. Rc1 Rc8
29. Rxc8+ Bxc8 30. b4 Kg7 31. a4 Kf7 32. f3 Ke7 33. Kf2 Bd7 34. Ra2 Nd4 35. Ke3 Nc6
36. Rb2 Kd6 37. b5 Na5 38. Rd2+ Ke6 39. Kd3 Nb3 40. Rc2 Kd5 41. Kc3 Nc5 42. Kb4 Ne6
43. Rd2+  1-0

[Event "British Chess Championships 2023: Weekend Tournament Atkins"]
[Site "The Venue, De Montfort University, 20 Western Boulevard, Leicester, LE2 7BU"]
[Date "2023.07.24"]
[Round "5"]
[Board "4"]
[White "Obi, Okwose Marc"]
[Black "Matlak, Oleksandr"]
[Result "0-1"]
[WhiteElo "1965"]
[BlackElo "2136"]
[PlyCount "0"]
[EventDate "2023.07.21"]
[EventRounds "5"]
[EventCountry "ENG"]

1. e4 c5 2. c4 d6 3. Nc3 Nf6 4. g3 a6 5. a4 Nc6 6. Bg2 g6 7. Nge2 Bg7 8. O-O O-O
9. h3 Bd7 10. d3 Rb8 11. Be3 Nb4 12. d4 cxd4 13. Nxd4 Qc8 14. Qb3 Nd3 15. Kh2 Ne5
16. Nd5 Nxd5 17. cxd5 Qc4 18. Qd1 Nd3 19. b3 Qc3 20. Ra2 Bxd4 21. Bxd4 Qxd4 22. Rd2
Nxf2 23. Rxd4 Nxd1 24. Rdxd1 Rfc8 25. Rc1 a5 26. Bf3 Rxc1 27. Rxc1 Rc8 28. Rxc8+
Bxc8 29. h4 Kg7 30. Kg2 Kf6 31. Kf2 Ke5 32. Ke3 h6 33. Kd3 b6 34. Kc3 Bd7 35. Kc4
e6 36. Kc3 exd5 37. exd5 g5 38. hxg5 hxg5 39. Kd3 f5 40. Ke3 Be8 41. Kd3 g4 42. Bg2
f4 43. gxf4+ Kxf4 44. Ke2 Bg6 45. Kd2 Be4 46. Bf1 Bxd5 47. Kc3 Ke3 48. b4 Kf2 49.
bxa5 bxa5 50. Kd4 Kxf1 51. Kxd5 g3  0-1

[Event "British Chess Championships 2023: Weekend Tournament Atkins"]
[Site "The Venue, De Montfort University, 20 Western Boulevard, Leicester, LE2 7BU"]
[Date "2023.07.24"]
[Round "5"]
[Board "5"]
[White "Fowler, Hugo"]
[Black "Guha, Chirag"]
[Result "1/2-1/2"]
[WhiteElo "1930"]
[BlackElo "1754"]
[PlyCount "0"]
[EventDate "2023.07.21"]
[EventRounds "5"]
[EventCountry "ENG"]

1. e4 e5 2. Nf3 Nc6 3. Bc4 Nf6 4. d3 Bc5 5. c3 d6 6. Bb3 a6 7. Nbd2 h6 8. Nf1 Ba7
9. Ng3 d5 10. Qe2 O-O 11. h3 Re8 12. O-O Na5 13. Bc2 c5 14. Rd1 d4 15. Nh4 b5 16.
Ngf5 Kh7 17. Qf3 Ng8 18. g4 Qf6 19. g5 Qd8 20. gxh6 Nxh6 21. Qh5 Bxf5 22. Nxf5 Qf6
23. Kh1 Nc6 24. Rg1 Rg8 25. Rxg7+ Rxg7 26. Bxh6 Qg6 27. Nxg7 Qxh5 28. Nxh5 Kxh6 29.
Nf6 c4 30. dxc4 bxc4 31. Ba4 Ne7 32. Ng4+ Kg7 33. Nxe5 dxc3 34. bxc3 Bxf2 35. Rf1
Bc5 36. Rxf7+ Kg8 37. Rf1 Kg7 38. Nxc4 Rh8 39. Kg2 Rh4 40. Bc2 Nd5 41. Kg3 Be7 42.
Ne5 Rh5 43. Rf7+ Kg8 44. exd5 Rxe5 45. Rf3 Bd6 46. Kg4 Kg7 47. Bb3 Kg6 48. h4 Re4+
49. Kh3 Re1 50. Bc2+ Kg7 51. h5 Re2 52. h6+ Kxh6 53. Rf6+ Kg5 54. Rxd6 Rxc2 55. Rc6
Rxa2 56. d6 Kf6 57. d7+ Ke7 58. Rd6 Kd8 59. Kg4 Ra5 60. Kf4 Rc5 61. Ke4 Rxc3  1/2-1/2

[Event "British Chess Championships 2023: Weekend Tournament Atkins"]
[Site "The Venue, De Montfort University, 20 Western Boulevard, Leicester, LE2 7BU"]
[Date "2023.07.24"]
[Round "5"]
[Board "6"]
[White "Dargan, Paul A G"]
[Black "Dias, Savin"]
[Result "0-1"]
[WhiteElo "2091"]
[BlackElo "2070"]
[PlyCount "0"]
[EventDate "2023.07.21"]
[EventRounds "5"]
[EventCountry "ENG"]

1. e4 c5 2. c3 d5 3. exd5 Qxd5 4. d4 Nf6 5. Nf3 Bg4 6. Nbd2 e6 7. Qa4+ Nc6 8. Bc4
Qd7 9. Bb5 Rc8 10. Ne5 Qd5 11. Bxc6+ bxc6 12. Qxa7 Qxg2 13. Qxf7+ Kd8 14. Qb7 Qxh1+
15. Nf1 Bh3 16. Bg5 Qxf1+ 17. Kd2 Qxf2+ 18. Kc1 Qf1+ 19. Kd2 Qg2+ 20. Ke1 Qg1+ 21.
Ke2 Qxh2+ 22. Ke1 Qg3+ 23. Ke2 Bg4+ 24. Kf1 Bh3+ 25. Ke2 Qg2+ 26. Ke1 Qe4+ 27. Kf2
Qd5 28. Qb6+ Ke8 29. Qb7 Ne4+ 30. Ke3 cxd4+ 31. cxd4 Nxg5 32. Qxc8+ Ke7 33. Qc7+
Kf6 34. Rd1 Bd6 35. Nd7+ Kg6 36. Qa7 Qf3+ 37. Kd2 Bf4+ 38. Ke1 Qe3#  0-1

[Event "British Chess Championships 2023: Weekend Tournament Atkins"]
[Site "The Venue, De Montfort University, 20 Western Boulevard, Leicester, LE2 7BU"]
[Date "2023.07.24"]
[Round "5"]
[Board "7"]
[White "Moore, Gerald"]
[Black "Homer, Stephen J"]
[Result "1/2-1/2"]
[WhiteElo "2155"]
[BlackElo "2062"]
[PlyCount "0"]
[EventDate "2023.07.21"]
[EventRounds "5"]
[EventCountry "ENG"]

1. d4 Nf6 2. c4 e6 3. g3 d5 4. Bg2 dxc4 5. Nf3 Bd7 6. Ne5 Nc6 7. Nxc4 Bb4+ 8. Bd2
Qe7 9. O-O Bxd2 10. Qxd2 O-O 11. Nc3 Rfd8 12. e3 Rab8 13. Qe2 Be8 14. f4 Nd5 15.
Ne4 f5 16. Nf2 b5 17. Na3 Na5 18. Rfc1 b4 19. Nc2 b3 20. Na3 Nb4 21. Rc5 Nb7 22.
Bxb7 Rxb7 23. axb3 Rd5 24. Rac1 Rxc5 25. Rxc5 Bc6 26. Nc4 Bb5 27. Qf3 c6 28. Ne5
Qc7 29. Qd1 Qa5 30. Nc4 Qd8 31. Ne5 Qa5 32. Nc4 Qd8  1/2-1/2

[Event "British Chess Championships 2023: Weekend Tournament Atkins"]
[Site "The Venue, De Montfort University, 20 Western Boulevard, Leicester, LE2 7BU"]
[Date "2023.07.24"]
[Round "5"]
[Board "8"]
[White "Nawalaniec, Adam"]
[Black "Kothari, Jai"]
[Result "1/2-1/2"]
[WhiteElo "2148"]
[BlackElo "2027"]
[PlyCount "0"]
[EventDate "2023.07.21"]
[EventRounds "5"]
[EventCountry "ENG"]

1. e4 e5 2. Nf3 Nc6 3. Bc4 Nf6 4. d3 Be7 5. O-O O-O 6. Nc3 d6 7. a3 Bg4 8. Be3 Nd7
9. h3 Bh5 10. b4 Nd4 11. g4 Nxf3+ 12. Qxf3 Bg6 13. Ne2 Nb6 14. Bb3 Kh8 15. Ng3 a5
16. c4 Bg5 17. Bxb6 cxb6 18. b5 Re8 19. Kg2 Qf6 20. Qxf6 Bxf6 21. Ne2 Re7 22. f3
h6 23. Kg3 Bh7 24. Nc3 Rd7 25. Nd5 Bd8 26. h4 f6 27. Rh1 Bg8 28. Nc3 Be6 29. Rh2
Rf7 30. Rah1 Be7 31. Na4 Bd8 32. Kf2 g6 33. Ke2 Kg7 34. Rg2 Bc7 35. Nc3 Raf8 36.
Nd1 Kh8 37. Ne3 Bd8 38. Kd2 Kg7 39. Nf5+ Kh7 40. Ne3 Kg7 41. Bd1 Be7 42. Bc2 Bd8
43. Bb3 Be7 44. Rf1 g5 45. Rh1 Rh8 46. Rgh2 Rff8 47. Rg1 Rc8 48. Rhh1 Rc7 49. Rg2
Rcc8 50. Nc2 Rc7 51. Ne3 Rcc8 52. Nd1 Rc7 53. Nc3 Rcc8 54. Na4 Bd8 55. Ke3 Bf7 56.
Rgh2 Be6 57. Kd2 Bf7 58. Kc3 Bg8 59. c5 Bxb3 60. Kxb3 dxc5 61. Kc4 Bc7 62. Nc3 Rcd8
63. Nd5 Rd7 64. a4 Bd8 65. Kc3 Kg6 66. Rh3 Rhh7 67. Ra1 Rh8 68. Rc1 Rhh7 69. Kd2
Rh8 70. Rc4 Rdh7 71. Rc1 Rd7 72. Ne3 Be7 73. Ke2 Bd8 74. Nf5 Be7 75. Ne3 Bd8 76.
Kd2 Be7 77. Kc3 Bd8 78. Nf5 Be7 79. Rh2 Bf8 80. Kc4 Be7 81. Kc3 Bf8 82. Ne3 Be7 83.
Rch1 Rh7 84. Kc2 Rh8 85. hxg5 fxg5 86. Nc4 Bf6 87. Nxb6 Rd4 88. Nc4 Bg7 89. Rd2 Ra8
90. Rdh2 Rf8 91. Rf2 Rfd8 92. Rd1 Ra8 93. Kc3 Bf6 94. Ra2 Bg7 95. Ne3 b6 96. Nd5
Rb8 97. Ne7+ Kf7 98. Nc6 Rbd8 99. Nxd8+ Rxd8 100. Rc2 Rd4 101. Kb3 Ke6 102. Rc4 Rd7
103. Kc3 Bf8 104. Kd2 Bg7 105. Ke3 Bf8 106. Rh1 Bg7 107. Rc2 Kf7 108. Ke2 Ke6 109.
Rh2 Rd4 110. Rc4  1/2-1/2

[Event "British Chess Championships 2023: Weekend Tournament Atkins"]
[Site "The Venue, De Montfort University, 20 Western Boulevard, Leicester, LE2 7BU"]
[Date "2023.07.24"]
[Round "5"]
[Board "9"]
[White "Samarasinghe, Jude Ranga"]
[Black "Gopakumar, Siddharth"]
[Result "1/2-1/2"]
[WhiteElo "2148"]
[BlackElo "2017"]
[PlyCount "0"]
[EventDate "2023.07.21"]
[EventRounds "5"]
[EventCountry "ENG"]

1. e4 e5 2. Nf3 Nc6 3. d4 exd4 4. Nxd4 Nf6 5. Nc3 Bb4 6. Nxc6 Bxc3+ 7. bxc3 dxc6
8. Bd3 h6 9. Ba3 Be6 10. O-O Ng4 11. f4 Ne3 12. Qf3 Nxf1 13. Rxf1 Qf6 14. e5 Qh4
15. f5 Bd5 16. Qe3 Qa4 17. Be7 Kxe7 18. f6+ Kd8 19. fxg7 Rg8 20. c4 Rxg7 21. cxd5
Qg4 22. Be4 cxd5 23. Bxd5 c6 24. Bf3 Qb4 25. Qxh6 Rg8 26. Qf6+ Qe7 27. Rd1+ Ke8 28.
Bxc6+ Kf8 29. Qxe7+ Kxe7 30. Bxb7 Rad8 31. Bd5 Rg5 32. c4 Rxe5 33. Rd2 f6 34. g4
Kf8 35. Rb2 Ke7 36. a4 Re3 37. Kf2 Ra3 38. Re2+ Kf8 39. Re6 Rxa4 40. Rxf6+ Kg7 41.
Rf7+ Kg6 42. Rf5 Rh8 43. Kg3 Ra3+ 44. Bf3 Rc3 45. h4 Rxc4 46. h5+ Kg7 47. g5 Rhc8
48. Rf6 R8c5 49. h6+ Kh7 50. Rf7+  1/2-1/2

[Event "British Chess Championships 2023: Weekend Tournament Atkins"]
[Site "The Venue, De Montfort University, 20 Western Boulevard, Leicester, LE2 7BU"]
[Date "2023.07.24"]
[Round "5"]
[Board "10"]
[White "Ashworth, Michael J"]
[Black "Cotterill, Sam"]
[Result "1/2-1/2"]
[WhiteElo "2131"]
[BlackElo "1895"]
[PlyCount "0"]
[EventDate "2023.07.21"]
[EventRounds "5"]
[EventCountry "ENG"]

1. d4 g6 2. e4 Bg7 3. c4 d6 4. Nc3 e5 5. Nge2 Be6 6. d5 Bd7 7. Ng3 Ne7 8. Bd3 a5
9. Be3 Na6 10. Qd2 O-O 11. Bh6 f5 12. exf5 Nxf5 13. Bxf5 Bxf5 14. Bg5 Qd7 15. Nge4
Rf7 16. O-O Raf8 17. f3 Rb8 18. Kh1 b6 19. Rac1 Qe8 20. Bh6 Qf8 21. Bxg7 Kxg7 22.
Qe2 h6 23. a3 Qe7 24. Rb1 Nc5 25. b4 axb4 26. axb4 Nxe4 27. fxe4 Bd7 28. Rxf7+ Qxf7
29. Rf1 Qe7 30. Nb5 Bxb5 31. cxb5 Ra8 32. Qc2 Ra7 33. h3 Qd7 34. Qf2 Qe7 35. Qc2
Qd7 36. Qf2  1/2-1/2

[Event "British Chess Championships 2023: Weekend Tournament Atkins"]
[Site "The Venue, De Montfort University, 20 Western Boulevard, Leicester, LE2 7BU"]
[Date "2023.07.24"]
[Round "5"]
[Board "11"]
[White "Chopra, Manmay"]
[Black "Phillips, David"]
[Result "1/2-1/2"]
[WhiteElo "2061"]
[BlackElo "1825"]
[PlyCount "0"]
[EventDate "2023.07.21"]
[EventRounds "5"]
[EventCountry "ENG"]

1. e4 c6 2. d4 d5 3. Nc3 dxe4 4. Nxe4 Bf5 5. Ng3 Bg6 6. h4 h6 7. Nh3 Nd7 8. Nf4 Bh7
9. Bc4 e5 10. Qe2 Qe7 11. dxe5 Qxe5 12. Be3 Bc5 13. Bxc5 Qxe2+ 14. Nfxe2 Nxc5 15.
O-O-O Nf6 16. Rhe1 O-O 17. Nc3 Rfe8 18. f3 a5 19. a4 Kf8 20. b3  1/2-1/2

[Event "British Chess Championships 2023: Weekend Tournament Atkins"]
[Site "The Venue, De Montfort University, 20 Western Boulevard, Leicester, LE2 7BU"]
[Date "2023.07.24"]
[Round "5"]
[Board "12"]
[White "Borrowdale, Graham E"]
[Black "Pert, Max P"]
[Result "0-1"]
[WhiteElo "2018"]
[BlackElo "2140"]
[PlyCount "0"]
[EventDate "2023.07.21"]
[EventRounds "5"]
[EventCountry "ENG"]

1. d4 d5 2. Nf3 Nf6 3. c4 e6 4. Nc3 a6 5. Bg5 dxc4 6. e4 b5 7. e5 h6 8. Bh4 g5 9.
Nxg5 hxg5 10. Bxg5 Nbd7 11. Qf3 Rb8 12. Ne4 Bb4+ 13. Nc3 Bb7 14. Bxf6 Nxf6 15. Qxf6
Qxf6 16. exf6 Rh4 17. O-O-O Rf4 18. f3 Bxc3 19. bxc3 Rxf6 20. a4 Ke7 21. axb5 axb5
22. Kb2 Kd6 23. Re1 c5 24. dxc5+ Kxc5 25. Be2 Bd5 26. Ra1 Rg6 27. g4 f5 28. Rhf1
Rh8 29. Rf2 Rgh6 30. gxf5 Rxh2 31. Raf1 exf5 32. Kc2 Rxf2 33. Rxf2 Ra8 34. Kb2 b4
35. cxb4+ Kxb4 36. Rh2 c3+ 37. Kb1 Ra2 38. Rh4+ Kb3 39. Bd1+ c2+ 40. Bxc2+ Rxc2 41.
Rf4 Rf2  0-1

[Event "British Chess Championships 2023: Weekend Tournament Atkins"]
[Site "The Venue, De Montfort University, 20 Western Boulevard, Leicester, LE2 7BU"]
[Date "2023.07.24"]
[Round "5"]
[Board "13"]
[White "Ortiz Sanchez, Luis"]
[Black "Sutton, Daniel"]
[Result "1/2-1/2"]
[WhiteElo "2007"]
[BlackElo "2057"]
[PlyCount "0"]
[EventDate "2023.07.21"]
[EventRounds "5"]
[EventCountry "ENG"]

1. d4 Nf6 2. Nf3 d6 3. Nc3 Nbd7 4. e4 e5 5. Bc4 Be7 6. O-O O-O 7. h3 c6 8. a4 h6
9. Re1 Nh7 10. Ne2 Ng5 11. Nxg5 Bxg5 12. Ng3 Bxc1 13. Rxc1 Qf6 14. c3 Nb6 15. Bb3
Be6 16. dxe5 dxe5 17. Bxe6 fxe6 18. f3 Qg5 19. Nf1 Rad8 20. Qb3 Rxf3 21. a5 Nc8 22.
Qxe6+ Kh7 23. h4 Qf6 24. Qxf6 Rxf6 25. Rcd1 Rxd1 26. Rxd1 Rd6 27. Rxd6 Nxd6 28. Nd2
Kg6 29. Kf2 Kh5 30. Kg3 g5 31. hxg5 hxg5 32. Kh3 g4+ 33. Kh2 Kg5 34. g3 c5 35. Kg2
c4 36. Kf2 b5 37. axb6 axb6 38. Ke3 b5 39. b3 Kf6  1/2-1/2

[Event "British Chess Championships 2023: Weekend Tournament Atkins"]
[Site "The Venue, De Montfort University, 20 Western Boulevard, Leicester, LE2 7BU"]
[Date "2023.07.24"]
[Round "5"]
[Board "14"]
[White "Mitchell, R"]
[Black "Gordon, Sean"]
[Result "1/2-1/2"]
[WhiteElo "2050"]
[BlackElo "1999"]
[PlyCount "0"]
[EventDate "2023.07.21"]
[EventRounds "5"]
[EventCountry "ENG"]

1. e4 c5 2. Be2 Nc6 3. d3 e6 4. c3 d5 5. f4 Bd6 6. Nf3 Nge7 7. O-O O-O 8. Na3 a6
9. Nc2 d4 10. Qe1 f6 11. Kh1 Kh8 12. cxd4 cxd4 13. Nfxd4 Nxd4 14. Nxd4 e5 15. Nb3
exf4 16. Bxf4 Bxf4 17. Rxf4 Nc6 18. Qc3 Qd6 19. Qc5 Qxc5 20. Nxc5 Nd4 21. Bd1 Rd8
22. Rc1 Ne6  1/2-1/2